[Event "Skalica op-B"]
[Site "Skalica"]
[Date "2022.08.26"]
[Round "7"]
[White "Dubanova, Kristina"]
[Black "Valkovic, Roman"]
[Result "0-1"]
[WhiteElo "1049"]
[BlackElo "1321"]
[PlyCount "48"]
[EventDate "2022.08.20"]
[EventType "swiss"]
[EventRounds "9"]
[EventCountry "SVK"]
[SourceTitle "CBM 209 Extra"]
[Source "ChessBase"]
[SourceDate "2022.09.30"]
[SourceVersion "1"]
[SourceVersionDate "2022.09.30"]
[SourceQuality "1"]

1. e4 c6 2. d4 d5 3. f3 dxe4 4. fxe4 e5 5. Nf3 Bg4 6. Be3 Nf6 7. Bd3 exd4 8. Bg5 Be7 9. 0-0 Qb6 10. Qc1 0-0 11. Kh1 Nbd7 12. c3 Bxf3 13. Rxf3 Ne5 14. Rh3 Nxd3 15. Rxd3 Nxe4 16. Rxd4 Bxg5 17. Qc2 Nf6 18. Na3 Rad8 19. Nc4 Qc7 20. Rad1 Nd5 21. R1d3 Rfe8 22. Rd1 b5 23. Qf5 Qe7 24. h3 bxc4 0-1

[Event "Skalica op-B"]
[Site "Skalica"]
[Date "2022.08.21"]
[Round "2"]
[White "Dubanova, Kristina"]
[Black "Visvader, Kristof"]
[Result "0-1"]
[WhiteElo "1049"]
[BlackElo "1523"]
[PlyCount "77"]
[EventDate "2022.08.20"]
[EventType "swiss"]
[EventRounds "9"]
[EventCountry "SVK"]
[SourceTitle "CBM 209 Extra"]
[Source "ChessBase"]
[SourceDate "2022.09.30"]
[SourceVersion "1"]
[SourceVersionDate "2022.09.30"]
[SourceQuality "1"]

1. e4 e5 2. Nc3 Nc6 3. f4 d6 4. Bc4 Nf6 5. h3 Be6 6. Bb3 Bxb3 7. axb3 g6 8. Nf3 Bh6 9. fxe5 dxe5 10. d3 Bxc1 11. Qxc1 Qe7 12. 0-0 0-0-0 13. Qd2 Nd7 14. Ra3 Nb6 15. Ne2 Rhf8 16. c3 f6 17. b4 Nc4 18. Qc2 Nxa3 19. bxa3 Qd6 20. d4 f5 21. Ra1 fxe4 22. Qxe4 exd4 23. cxd4 Rfe8 24. Qc2 Qe6 25. Ra2 Qe3+ 26. Kh1 Nxd4 27. Nexd4 Rxd4 28. Nxd4 Qxd4 29. Qc1 Qe3 30. Qc4 Qe6 31. Qc2 Qe1+ 32. Kh2 Re3 33. Qc4 Qg3+ 34. Kg1 Re1+ 35. Qf1 Rxf1+ 36. Kxf1 Qd3+ 37. Kf2 Qd4+ 38. Ke1 Qg1+ 39. Ke2 0-1

[Event "Skalica op-B"]
[Site "Skalica"]
[Date "2021.08.26"]
[Round "6"]
[White "Dubanova, Kristina"]
[Black "Kostolansky, Martin"]
[Result "1/2-1/2"]
[WhiteElo "1074"]
[BlackElo "1000"]
[PlyCount "65"]
[EventDate "2021.08.21"]
[EventType "swiss"]
[EventRounds "9"]
[EventCountry "SVK"]
[SourceTitle "CBM 204 Extra"]
[Source "ChessBase"]
[SourceDate "2021.11.30"]
[SourceVersion "1"]
[SourceVersionDate "2021.11.30"]
[SourceQuality "1"]

1. e4 e6 2. d4 Nc6 3. Nf3 d5 4. exd5 exd5 5. Bd3 Bg4 6. c3 Nf6 7. 0-0 Bd6 8. Bg5 h6 9. Re1+ Ne7 10. Be3 0-0 11. Nbd2 Re8 12. Qc2 Ng6 13. Bxg6 Bxf3 14. Nxf3 fxg6 15. Qxg6 Qd7 16. Nh4 Qg4 17. Qxg4 Nxg4 18. h3 Nxe3 19. Rxe3 Rxe3 20. fxe3 Re8 21. Nf5 Kh7 22. Kf2 Rf8 23. Ke2 Rxf5 24. Rf1 Kg6 25. Rxf5 Kxf5 26. Kf3 h5 27. g4+ hxg4+ 28. hxg4+ Kg5 29. b3 c6 30. c4 g6 31. a4 Bc7 32. cxd5 cxd5 33. b4 1/2-1/2

[Event "Skalica Rapid op"]
[Site "Skalica"]
[Date "2020.08.29"]
[Round "7"]
[White "Fajtakova, Silvia"]
[Black "Dubanova, Kristina"]
[Result "1-0"]
[WhiteElo "1323"]
[BlackElo "1095"]
[PlyCount "57"]
[EventDate "2020.08.29"]
[EventType "swiss (rapid)"]
[EventRounds "7"]
[EventCountry "SVK"]
[SourceTitle "CBM 198 Extra"]
[Source "ChessBase"]
[SourceDate "2020.11.30"]
[SourceVersion "1"]
[SourceVersionDate "2020.11.30"]
[SourceQuality "1"]

1. e4 e5 2. Nf3 Nc6 3. Bb5 a6 4. Ba4 b5 5. Bb3 Nf6 6. 0-0 Bc5 7. Re1 d6 8. h3 Be6 9. Bxe6 fxe6 10. c3 d5 11. exd5 exd5 12. Nxe5 Nxe5 13. Rxe5+ Be7 14. Qe1 c6 15. Re6 Qd7 16. d3 Ra7 17. Bg5 0-0 18. Nd2 Bd6 19. Bxf6 gxf6 20. Qe2 Kf7 21. Re1 Raa8 22. Qh5+ Kg8 23. Qg4+ Kf7 24. Rxf6+ Kxf6 25. Qxd7 Rad8 26. Qe6+ Kg7 27. Re3 Bc5 28. Rg3+ Kh8 29. Qe5+ 1-0

[Event "Skalica Schaeffler op"]
[Site "Skalica"]
[Date "2020.08.27"]
[Round "6"]
[White "Benci, Jozef1111"]
[Black "Dubanova, Kristina"]
[Result "0-1"]
[WhiteElo "1220"]
[BlackElo "1128"]
[PlyCount "50"]
[EventDate "2020.08.23"]
[EventType "swiss"]
[EventRounds "9"]
[EventCountry "SVK"]
[SourceTitle "CBM 198 Extra"]
[Source "ChessBase"]
[SourceDate "2020.11.30"]
[SourceVersion "1"]
[SourceVersionDate "2020.11.30"]
[SourceQuality "1"]

1. e4 e5 2. Nf3 Nc6 3. Bc4 Nf6 4. Ng5 d5 5. exd5 Nxd5 6. Nxf7 Kxf7 7. Qf3+ Ke8 8. Bxd5 Qf6 9. Bxc6+ bxc6 10. Qb3 Bc5 11. 0-0 Be6 12. Qb7 Kd7 13. Nc3 Qg6 14. Kh1 a6 15. Na4 Qxc2 16. Nxc5+ Qxc5 17. d4 Qc4 18. Rd1 Qd5 19. Qb3 Qxb3 20. axb3 Bxb3 21. Rd3 Bc4 22. Rc3 Bd5 23. dxe5 Rhf8 24. f4 g5 25. fxg5 Rf1# 0-1

[Event "SVK-chT4 A21 1920"]
[Site "Slovakia"]
[Date "2019.10.13"]
[Round "1.5"]
[White "Holan, Jaroslav"]
[Black "Dubanova, Kristina"]
[Result "1-0"]
[WhiteElo "1436"]
[BlackElo "1136"]
[PlyCount "113"]
[EventDate "2019.10.13"]
[EventType "team-tourn"]
[EventRounds "11"]
[EventCountry "SVK"]
[SourceTitle "CBM 193 Extra"]
[Source "ChessBase"]
[SourceDate "2020.01.31"]
[SourceVersion "1"]
[SourceVersionDate "2020.01.31"]
[SourceQuality "1"]
[WhiteTeam "Vrbove II"]
[BlackTeam "Skalica III"]
[WhiteTeamCountry "SVK"]
[BlackTeamCountry "SVK"]

1. e4 e5 2. f4 Nc6 3. Nf3 d6 4. Bc4 Nf6 5. d3 Bg4 6. 0-0 Nd4 7. Nbd2 Nc6 8. f5 Bxf3 9. Nxf3 Qd7 10. Ng5 d5 11. Bb3 Bc5+ 12. Kh1 0-0-0 13. exd5 Nxd5 14. Ne4 Bb6 15. Qf3 Nd4 16. Qg3 f6 17. c4 Nxf5 18. Qe1 Nde7 19. c5 Qb5 20. cxb6 Qxb6 21. Bc4 Nd4 22. Qd2 Nef5 23. b4 Nd6 24. Nxd6+ Qxd6 25. Bb2 Nc6 26. b5 Ne7 27. a4 c6 28. Ba3 c5 29. Qa5 a6 30. bxa6 b6 31. Qb5 Kc7 32. a5 Rb8 33. axb6+ Qxb6 34. Qxb6+ Kxb6 35. Rab1+ Kc6 36. Rxb8 Rxb8 37. Ra1 Nf5 38. Bc1 Nd4 39. a7 Ra8 40. Ra6+ Kb7 41. Ba3 f5 42. Bxc5 Ne2 43. d4 Nxd4 44. Bxd4 exd4 45. g3 g5 46. Kg2 h6 47. Rxh6 Rxa7 48. Rh7+ Kb6 49. Rxa7 Kxa7 50. Kf2 g4 51. Be6 Kb6 52. Bxf5 Kc5 53. Bxg4 d3 54. Ke3 Kc4 55. Kd2 Kd4 56. Bf5 Ke5 57. Bxd3 1-0

[Event "Bratislava Rintel Memorial"]
[Site "Bratislava"]
[Date "2018.09.01"]
[Round "7"]
[White "Dubanova, Kristina"]
[Black "Havaldova, Natalia"]
[Result "0-1"]
[WhiteElo "1027"]
[BlackElo "1079"]
[PlyCount "68"]
[EventDate "2018.08.29"]
[EventType "swiss"]
[EventRounds "7"]
[EventCountry "SVK"]
[SourceTitle "CBM 186 Extra"]
[Source "ChessBase"]
[SourceDate "2018.08.24"]
[SourceVersion "1"]
[SourceVersionDate "2018.08.24"]
[SourceQuality "1"]

1. e4 e5 2. Nf3 Nc6 3. Bc4 Bc5 4. Nc3 Nf6 5. d3 0-0 6. 0-0 d6 7. Bg5 Re8 8. Nd5 Re6 9. Bh4 Na5 10. b3 Nxc4 11. bxc4 c6 12. Nc3 a6 13. Rb1 b5 14. Qe2 Qa5 15. Rb3 b4 16. Nd1 Qxa2 17. Rb2 Qa5 18. Ne3 Qb6 19. c3 a5 20. d4 exd4 21. cxd4 Bxd4 22. Rd2 Rxe4 23. Rd3 Ng4 24. Re1 Nxe3 25. Ng5 Rxh4 26. fxe3 Bc3 27. Red1 Bg4 28. Nf3 a4 29. Rxd6 g6 30. Qf2 Rh5 31. h3 Be6 32. Qe2 a3 33. Qd3 a2 34. Qe2 a1Q 0-1

[Event "Bratislava Rintel Memorial"]
[Site "Bratislava"]
[Date "2018.08.31"]
[Round "6"]
[White "Dubanova, Kristina"]
[Black "Cizmar, Tomas"]
[Result "0-1"]
[WhiteElo "1027"]
[BlackElo "1475"]
[PlyCount "48"]
[EventDate "2018.08.29"]
[EventType "swiss"]
[EventRounds "7"]
[EventCountry "SVK"]
[SourceTitle "CBM 186 Extra"]
[Source "ChessBase"]
[SourceDate "2018.08.24"]
[SourceVersion "1"]
[SourceVersionDate "2018.08.24"]
[SourceQuality "1"]

1. e4 e5 2. Nf3 Nc6 3. Bc4 Bc5 4. c3 d6 5. d3 h6 6. Be3 Bb6 7. 0-0 Nf6 8. Nbd2 0-0 9. Re1 Be6 10. Bb3 Ng4 11. h3 Nxe3 12. fxe3 Qf6 13. Qc2 Qg6 14. Kf2 Kh8 15. Rg1 f5 16. exf5 Bxf5 17. g4 Bxd3 18. Qd1 e4 19. Bd5 exf3 20. Nxf3 Qg5 21. Re1 Qxd5 22. b3 Be4 23. Qe2 Rxf3+ 24. Kg1 Bxe3+ 0-1

[Event "SVK-ch U12 Girls"]
[Site "Liptovsky Mikulas"]
[Date "2017.04.28"]
[Round "9"]
[White "Romanova, Ela"]
[Black "Dubanova, Kristina"]
[Result "1/2-1/2"]
[WhiteElo "1000"]
[BlackElo "1000"]
[PlyCount "74"]
[EventDate "2017.04.22"]
[EventType "swiss"]
[EventRounds "9"]
[EventCountry "SVK"]
[SourceTitle "CBM 178 Extra"]
[Source "ChessBase"]
[SourceDate "2017.06.22"]
[SourceVersion "1"]
[SourceVersionDate "2017.06.22"]
[SourceQuality "1"]

1. e4 e5 2. Nf3 Nc6 3. Bb5 Nge7 4. Nc3 d6 5. h3 Be6 6. d3 a6 7. Ba4 Ng6 8. Be3 Be7 9. 0-0 0-0 10. Bb3 Bxb3 11. axb3 Bf6 12. Nd5 Re8 13. Re1 Re6 14. Qd2 Nce7 15. Nxf6+ Rxf6 16. b4 Qd7 17. d4 h6 18. dxe5 Re6 19. exd6 Qxd6 20. Qxd6 Rxd6 21. Bd2 b5 22. Bc3 Nf4 23. Be5 Nxh3+ 24. gxh3 Rg6+ 25. Kh2 Rc8 26. Nh4 Re6 27. Bc3 c5 28. bxc5 Rxc5 29. f3 b4 30. Bxb4 Rxc2+ 31. Kh1 Rxb2 32. Bxe7 Rxe7 33. Rxa6 g5 34. Nf5 Rd7 35. Rg1 Rdd2 36. Rga1 Rh2+ 37. Kg1 Rhg2+ 1/2-1/2